Women Empowerment in India/ (Record no. 208437)

MARC details
000 -LEADER
fixed length control field 00551 a2200181 4500
005 - DATE AND TIME OF LATEST TRANSACTION
control field 20250113160020.0
010 ## - LCCN (DPL NO)
LC control number ENG-143352
020 ## - INTERNATIONAL STANDARD BOOK NUMBER
International Standard Book Number 9788186772782
Terms of availability 610.00
035 ## - SYSTEM CONTROL NUMBER
System control number EN-126884
037 ## - SOURCE OF ACQUISITION
Source of stock number/acquisition DBAD
082 ## - DEWEY DECIMAL CLASSIFICATION NUMBER
Classification number 305.42
100 ## - MAIN ENTRY--PERSONAL NAME
Personal name Sharma, Gopal
245 ## - TITLE STATEMENT
Title Women Empowerment in India/
Statement of responsibility, etc by Gopal Sharma
260 ## - PUBLICATION, DISTRIBUTION, ETC. (IMPRINT)
Place of publication, distribution, etc New Delhi
Name of publisher, distributor, etc New Academic Publishers
Date of publication, distribution, etc 2015
270 ## - ADDRESS
Address 4760-61, 23, Ansari Road, Daryaganj
City Delhi
State or province Delhi
Postal code 110002
300 ## - PHYSICAL DESCRIPTION
Extent 223 p. ;
Dimensions 22 cm. (Hb)
942 ## - ADDED ENTRY ELEMENTS (KOHA)
Institution code [OBSOLETE] dpl
Item type English Books
Source of classification or shelving scheme Dewey Decimal Classification
Classification part 305.42
Call number suffix SHA
Holdings
Withdrawn status Lost status Not for loan Collection code Home library Current library Date acquired Source of acquisition Cost, normal purchase price Full call number Barcode Copy number Cost, replacement price Koha item type
      Non-fiction Central Library Central Library 13/01/2025 Delivery of Books Act Division 1500.00 305.42 SHA EN-126884 1 1500.00 English Books

© Delhi Public Library
Hit Counter
free hit counter